Guess the Taylor Swift song (no hints) - Statistics

General Stats
  • This quiz has been taken 23 times
  • The average score is 98 of 174
Answer Stats
Answer % Correct
I
94%
you
94%
you,
94%
a
89%
the
89%
And
83%
in
78%
of
78%
one
78%
to
78%
To
78%
your
78%
But
72%
can't
72%
Just
72%
just
72%
think
72%
he's
67%
not
67%
what
67%
With
67%
now
61%
out"
61%
out,
61%
out
61%
(out),
61%
some
61%
you've
61%
she's
56%
things
56%
Keep
50%
keep
50%
up
50%
about
44%
down,
44%
down
44%
(down)
44%
(down),
44%
fall
44%
hand
44%
Only
44%
son
44%
did
39%
dream
39%
epiphany
39%
life,
39%
make
39%
seen
39%
Someone's
39%
someone's
39%
Something
39%
through
39%
crashing
33%
"Doc,
33%
helmet,
33%
sense
33%
serve
33%
"Sir,
33%
sleep
33%
speak
33%
Watch
33%
bleeding
28%
breathe
28%
breathing
28%
daughter,
28%
flesh
28%
glimpse
28%
minutes
28%
mother
28%
plastic
28%
relief
28%
rifle
28%
twenty
28%
wound,
28%
beaches
22%
Crawling
22%
here's
22%
Holds
22%
single
22%
cover
17%
med
17%
school
17%
No matching quizzes found
Score Distribution
Percent of People with Each Score
Percentile by Number Answered
Your Score History
You have not taken this quiz